000 01037nam a2200313 i 4500
003 EG-GICUC
005 20260404150905.0
008 260404s1966 nyu||||fr|||| 00| 0 eng d
040 _aEG-GiCUC
_beng
_cEG-GiCUC
_dEG-GiCUC
_erda
041 _aeng
082 0 4 _221
_a341.48
_bUN.C
092 0 4 _221
099 _aLaw1 11 341.48 UN.C 1966
110 _kUnites Nations
_eAuthor.
245 _aCommission On Human Rights :
_b Report On The Twenty Second Session 8 March – 5 April 1966 /
_cUnites Nations .
264 _aNew York :
_bUnites Nations ,
_c1966 .
300 _a160 pages ,
_c24 cm
336 _2rda content
_atext
337 _2rda media
_aComputer
338 _2rda carrier
_aOnline Resource
490 _aEconomic And Social Council Official Records Forty First Session Supplement
_v No. 8
546 _aText in English
650 1 _aInternational law
650 1 _aHuman Rights
651 1 _2qrmak
856 4 0 _uhttps://fll.law.cu.edu.eg/fulltext/bks/B11-07931.pdf
905 _a60
942 _2ddc
_cBK
_e21
_n0
999 _c68580
_d68580